000 00443 a2200157 4500
999 _c8278
_d8278
020 _a9789382226987
050 _aQC944 CHA 2013
100 _aCharles, Samuel
_eauthor
245 _aCyclone /
_cSamuel Charles
264 _aNew Delhi :
_bRandom Exports,
_c2013.
300 _a288p. :
_bill.
500 _aIncludes bibliographical references and index
650 _aTropical cyclones
650 _aTropical winds
942 _2lcc
_cBK
_h944
_iCHA
_kQC